000
00360nam a2200133Ia 4500
008
231129s9999||||xx |||||||||||||| ||spa||
020
_a
958-614-448-8
040
_b
spa
082
_a
Co863 P859m
100
_a
Potdevin Philip
245
0
_a
Metatron : novela
264
_a
Seix Barral/Biblioteca Breve
942
_2
ddc
_c
BKS
999
_c
21025
_d
21025